000 01285nam a2200229Ia 4500
003 Ost
005 20260426125804.0
008 260426s9999||||xx |||||||||||||| ||und||
040 _cfsecg
041 _aeng
082 _a174
100 _aBekach, Chahira
_eAuthor
245 0 _aLectures in the cours of Business Ethics /
_cChahira Bekach
260 _aAlgiers :
_bUniversity of Algiers 3 Faculty of Economics Commercial Sciences and Management,
_c2025
300 _a124 paper,
_c12 cm
504 _aBiblioghraphy paper 117-124
520 _aIntroduction to Business Ethics.,Sources of Business Ethics and Means of Their Development.,Professional Ethics and the Code of Ethics, Business Ethics and the Functions of the Organization, Business Ethics and Managerial Functions, Introduction to Administrative Corruption, Dimensions of Administrative Corruption and Methods of Combating It,Corruption Indicators and Governance,Business Ethics, Governance, and Social Responsibility,Organizational Culture and Business Ethics,International Efforts to Combat Corruption
653 _aCorruption administrative
653 _aEthique professionnelle
710 _aUniversity of Algiers 3 Faculty of Economics Commercial Sciences and Management
_eScientific publisher
942 _cHANDOUT
999 _c41508
_d41508